List of Sakha Republic (Yakutia) cities - Statistics

General Stats
  • This quiz has been taken 31 times
  • The average score is 3 of 13
Answer Stats
Population City % Correct
378,549 Yakutsk
100%
34,013 Mirny
33%
53,526 Neryungri
33%
21,490 Aldan
22%
21,181 Lensk
15%
10,055 Nyurba
15%
11,991 Pokrovsk
11%
3,118 Srednekolymsk
11%
768 Verkhoyansk
11%
10,045 Vilyuysk
11%
8,457 Olyokminsk
7%
6,320 Tommot
7%
13,349 Udachny
7%
No matching quizzes found
Score Distribution
Percent of People with Each Score
Percentile by Number Answered
Your Score History
You have not taken this quiz